<?xml version="1.0" encoding="UTF-8"?>
<record
    xmlns:xsi="http://www.w3.org/2001/XMLSchema-instance"
    xsi:schemaLocation="http://www.loc.gov/MARC21/slim http://www.loc.gov/standards/marcxml/schema/MARC21slim.xsd"
    xmlns="http://www.loc.gov/MARC21/slim">

  <leader>00597nam a2200145Ia 4500</leader>
  <datafield tag="999" ind1=" " ind2=" ">
    <subfield code="c">5552</subfield>
    <subfield code="d">5552</subfield>
  </datafield>
  <datafield tag="020" ind1=" " ind2=" ">
    <subfield code="a">81-7648-088-6</subfield>
  </datafield>
  <datafield tag="082" ind1=" " ind2=" ">
    <subfield code="a">RR 920.05403 ENC-</subfield>
  </datafield>
  <datafield tag="245" ind1=" " ind2="0">
    <subfield code="a">Encyclopaedia of the Indian biography</subfield>
  </datafield>
  <datafield tag="260" ind1=" " ind2=" ">
    <subfield code="a">New Delhi</subfield>
    <subfield code="b">A.P.H. Publishing</subfield>
    <subfield code="c">2000</subfield>
  </datafield>
  <datafield tag="500" ind1=" " ind2=" ">
    <subfield code="a">contents: 8 vols. vol.1.(A-B), (xxv, 627p.) - v.2 (C-D), (xxvii, 723p.) - v.3 (E-H), (xxv, 621p.) - v.4 (I-K), (xxvii, 698p.) - v.5 (L-N), (xxxi, 715p.) - v.6 (O-R), (xxx, 699p.) - v.7 (S), (xxv, 537p.) - v.8 (T-Z), (xxv, 472p.)</subfield>
  </datafield>
  <datafield tag="650" ind1=" " ind2=" ">
    <subfield code="a">India</subfield>
    <subfield code="v">Biography</subfield>
  </datafield>
  <datafield tag="650" ind1=" " ind2=" ">
    <subfield code="a">India</subfield>
    <subfield code="v">Encyclopedias</subfield>
  </datafield>
  <datafield tag="700" ind1=" " ind2=" ">
    <subfield code="a">Singh, Nagendra Kr.</subfield>
  </datafield>
  <datafield tag="942" ind1=" " ind2=" ">
    <subfield code="c">BK</subfield>
    <subfield code="2">ddc</subfield>
  </datafield>
  <datafield tag="952" ind1=" " ind2=" ">
    <subfield code="0">0</subfield>
    <subfield code="1">0</subfield>
    <subfield code="4">0</subfield>
    <subfield code="7">0</subfield>
    <subfield code="a">NASSDOC</subfield>
    <subfield code="b">NASSDOC</subfield>
    <subfield code="d">2007-06-06</subfield>
    <subfield code="e">Gifted by : Andre Malruay Programme on I</subfield>
    <subfield code="h">V.1</subfield>
    <subfield code="i">2007-04-19</subfield>
    <subfield code="l">0</subfield>
    <subfield code="o">RR 920.05403 ENC-</subfield>
    <subfield code="p">43479</subfield>
    <subfield code="r">2019-04-18 00:00:00</subfield>
    <subfield code="w">2019-04-18</subfield>
    <subfield code="y">RB</subfield>
  </datafield>
  <datafield tag="952" ind1=" " ind2=" ">
    <subfield code="0">0</subfield>
    <subfield code="1">0</subfield>
    <subfield code="4">0</subfield>
    <subfield code="7">0</subfield>
    <subfield code="a">NASSDOC</subfield>
    <subfield code="b">NASSDOC</subfield>
    <subfield code="d">2007-06-06</subfield>
    <subfield code="e">Gifted by : Andre Malruay Programme on I</subfield>
    <subfield code="h">V.2</subfield>
    <subfield code="i">2007-04-19</subfield>
    <subfield code="l">0</subfield>
    <subfield code="o">RR 920.05403 ENC-</subfield>
    <subfield code="p">43480</subfield>
    <subfield code="r">2019-04-18 00:00:00</subfield>
    <subfield code="w">2019-04-18</subfield>
    <subfield code="y">RB</subfield>
  </datafield>
  <datafield tag="952" ind1=" " ind2=" ">
    <subfield code="0">0</subfield>
    <subfield code="1">0</subfield>
    <subfield code="4">0</subfield>
    <subfield code="7">0</subfield>
    <subfield code="a">NASSDOC</subfield>
    <subfield code="b">NASSDOC</subfield>
    <subfield code="d">2007-06-06</subfield>
    <subfield code="e">Gifted by : Andre Malruay Programme on I</subfield>
    <subfield code="h">V.3</subfield>
    <subfield code="i">2007-04-19</subfield>
    <subfield code="l">0</subfield>
    <subfield code="o">RR 920.05403 ENC-</subfield>
    <subfield code="p">43481</subfield>
    <subfield code="r">2019-04-18 00:00:00</subfield>
    <subfield code="w">2019-04-18</subfield>
    <subfield code="y">RB</subfield>
  </datafield>
  <datafield tag="952" ind1=" " ind2=" ">
    <subfield code="0">0</subfield>
    <subfield code="1">0</subfield>
    <subfield code="4">0</subfield>
    <subfield code="7">0</subfield>
    <subfield code="a">NASSDOC</subfield>
    <subfield code="b">NASSDOC</subfield>
    <subfield code="d">2007-06-06</subfield>
    <subfield code="e">Gifted by : Andre Malruay Programme on I</subfield>
    <subfield code="h">V.4</subfield>
    <subfield code="i">2007-04-19</subfield>
    <subfield code="l">0</subfield>
    <subfield code="o">RR 920.05403 ENC-</subfield>
    <subfield code="p">43482</subfield>
    <subfield code="r">2019-04-18 00:00:00</subfield>
    <subfield code="w">2019-04-18</subfield>
    <subfield code="y">RB</subfield>
  </datafield>
  <datafield tag="952" ind1=" " ind2=" ">
    <subfield code="0">0</subfield>
    <subfield code="1">0</subfield>
    <subfield code="4">0</subfield>
    <subfield code="7">0</subfield>
    <subfield code="a">NASSDOC</subfield>
    <subfield code="b">NASSDOC</subfield>
    <subfield code="d">2007-06-06</subfield>
    <subfield code="e">Gifted by : Andre Malruay Programme on I</subfield>
    <subfield code="h">V.5</subfield>
    <subfield code="i">2007-04-19</subfield>
    <subfield code="l">0</subfield>
    <subfield code="o">RR 920.05403 ENC-</subfield>
    <subfield code="p">43483</subfield>
    <subfield code="r">2019-04-18 00:00:00</subfield>
    <subfield code="w">2019-04-18</subfield>
    <subfield code="y">RB</subfield>
  </datafield>
  <datafield tag="952" ind1=" " ind2=" ">
    <subfield code="0">0</subfield>
    <subfield code="1">0</subfield>
    <subfield code="4">0</subfield>
    <subfield code="7">0</subfield>
    <subfield code="a">NASSDOC</subfield>
    <subfield code="b">NASSDOC</subfield>
    <subfield code="d">2007-06-06</subfield>
    <subfield code="e">Gifted by : Andre Malruay Programme on I</subfield>
    <subfield code="h">V.6</subfield>
    <subfield code="i">2007-04-19</subfield>
    <subfield code="l">0</subfield>
    <subfield code="o">RR 920.05403 ENC-</subfield>
    <subfield code="p">43484</subfield>
    <subfield code="r">2019-04-18 00:00:00</subfield>
    <subfield code="w">2019-04-18</subfield>
    <subfield code="y">RB</subfield>
  </datafield>
  <datafield tag="952" ind1=" " ind2=" ">
    <subfield code="0">0</subfield>
    <subfield code="1">0</subfield>
    <subfield code="4">0</subfield>
    <subfield code="7">0</subfield>
    <subfield code="a">NASSDOC</subfield>
    <subfield code="b">NASSDOC</subfield>
    <subfield code="d">2007-06-06</subfield>
    <subfield code="e">Gifted by : Andre Malruay Programme on I</subfield>
    <subfield code="h">V.7</subfield>
    <subfield code="i">2007-04-19</subfield>
    <subfield code="l">0</subfield>
    <subfield code="o">RR 920.05403 ENC-</subfield>
    <subfield code="p">43485</subfield>
    <subfield code="r">2019-04-18 00:00:00</subfield>
    <subfield code="w">2019-04-18</subfield>
    <subfield code="y">RB</subfield>
  </datafield>
  <datafield tag="952" ind1=" " ind2=" ">
    <subfield code="0">0</subfield>
    <subfield code="1">0</subfield>
    <subfield code="4">0</subfield>
    <subfield code="7">0</subfield>
    <subfield code="a">NASSDOC</subfield>
    <subfield code="b">NASSDOC</subfield>
    <subfield code="d">2007-06-06</subfield>
    <subfield code="e">Gifted by : Andre Malruay Programme on I</subfield>
    <subfield code="h">V.8</subfield>
    <subfield code="i">2007-04-19</subfield>
    <subfield code="l">0</subfield>
    <subfield code="o">RR 920.05403 ENC-</subfield>
    <subfield code="p">43486</subfield>
    <subfield code="r">2019-04-18 00:00:00</subfield>
    <subfield code="w">2019-04-18</subfield>
    <subfield code="y">RB</subfield>
  </datafield>
</record>
